000 00658nam a2200253Ia 4500
003 OSt
005 20221006145049.0
006 a|||||r|||| 00| 0
007 ta
008 221006b |||||||| |||| 00| 0 eng d
020 _cP1.20
024 _a13,661
037 _cTextual
040 _aEASL
_cEASL
_beng
041 _2eng
_aeng
082 _aV58.N6, K7
100 _aDUAN Le
_9650793
245 0 _aForward under the glorious banner of the october revolution
260 _aHanoi
_bForeign Languages Pub.
_c1967
300 _a62p.
_ccm.
490 _v Oth
942 _hV58.N6, K7
_cTEXL
_2CC
999 _c1081747
_d1081747